ARRUPE JESUIT UNIVERSITY

CORONAVIRUS -STOP THE SPREAD - CLEAN,DISINFECT,COVER

Intention and intentionality : (Record no. 121179)

MARC details
000 -LEADER
fixed length control field 01242cam a2200349 i 4500
001 - CONTROL NUMBER
control field 74500
003 - CONTROL NUMBER IDENTIFIER
control field ARRUPE
005 - DATE AND TIME OF LATEST TRANSACTION
control field 20141105173231.0
008 - FIXED-LENGTH DATA ELEMENTS--GENERAL INFORMATION
fixed length control field 820517s1979 enkacf b 000 1 eng d
020 ## - INTERNATIONAL STANDARD BOOK NUMBER
International Standard Book Number 0855279850
035 ## - SYSTEM CONTROL NUMBER
System control number (OCoLC)6457673
035 ## - SYSTEM CONTROL NUMBER
System control number (OCoLC)ocm06457673
035 ## - SYSTEM CONTROL NUMBER
System control number (CStRLIN)NYCG82-B17280
035 ## - SYSTEM CONTROL NUMBER
System control number (NNC)74500
040 ## - CATALOGING SOURCE
Original cataloging agency MiU
Transcribing agency MiU
090 ## - LOCALLY ASSIGNED LC-TYPE CALL NUMBER (OCLC); LOCAL CALL NUMBER (OCLC)
Classification number (OCLC) (R) ; Classification number, CALL (RLIN) (NR) BC199.I5
Local cutter number (OCLC) ; Book number/undivided call number, CALL (RLIN) I57 1979b
300 ## - PHYSICAL DESCRIPTION
Other physical details ill., port. ;
Dimensions 23 cm.
245 00 - TITLE STATEMENT
Title Intention and intentionality :
Remainder of title essays in honour of G. E. M. Anscombe /
Statement of responsibility, etc edited by Cora Diamond and Jenny Teichman.
260 ## - PUBLICATION, DISTRIBUTION, ETC. (IMPRINT)
Place of publication, distribution, etc Brighton, Sussex :
Name of publisher, distributor, etc Harvester Press,
Date of publication, distribution, etc 1979.
300 ## - PHYSICAL DESCRIPTION
Extent xix, 265 p., [1] leaf of plates :
504 ## - BIBLIOGRAPHY, ETC. NOTE
Bibliography, etc "Bibliography of books and papers by G. E. M. Anscombe": p. xvii-xix.
504 ## - BIBLIOGRAPHY, ETC. NOTE
Bibliography, etc Includes bibliographical references.
600 10 - SUBJECT ADDED ENTRY--PERSONAL NAME
Personal name Anscombe, G. E. M.
Fuller form of name (Gertrude Elizabeth Margaret)
9 (RLIN) 12408
650 #0 - SUBJECT ADDED ENTRY--TOPICAL TERM
Topical term or geographic name as entry element Intention (Logic)
9 (RLIN) 12409
650 #0 - SUBJECT ADDED ENTRY--TOPICAL TERM
Topical term or geographic name as entry element Intentionalism.
9 (RLIN) 12410
650 #0 - SUBJECT ADDED ENTRY--TOPICAL TERM
Topical term or geographic name as entry element Act (Philosophy)
9 (RLIN) 12411
650 #0 - SUBJECT ADDED ENTRY--TOPICAL TERM
Topical term or geographic name as entry element Necessity (Philosophy)
9 (RLIN) 11386
700 1# - ADDED ENTRY--PERSONAL NAME
Personal name Anscombe, G. E. M.
Fuller form of name (Gertrude Elizabeth Margaret)
9 (RLIN) 12412
700 1# - ADDED ENTRY--PERSONAL NAME
Personal name Diamond, Cora.
9 (RLIN) 12413
700 1# - ADDED ENTRY--PERSONAL NAME
Personal name Teichman, Jenny.
9 (RLIN) 12414
942 ## - ADDED ENTRY ELEMENTS (KOHA)
Source of classification or shelving scheme Library of Congress Classification
Koha item type Monograph ( Printed materials)
Holdings
Withdrawn status Lost status Source of classification or shelving scheme Damaged status Not for loan Collection code Home library Current library Shelving location Date acquired Total Checkouts Full call number Barcode Date last seen Price effective from Koha item type
    Library of Congress Classification     Main Collection ARRUPE LIBRARY ARRUPE LIBRARY Main Collection 05/11/2014   BF311.161 46500003756 13/09/2016 05/11/2014 Monograph ( Printed materials)

 

Arrupe Library. PO Box MP320 Mt Pleasant, Harare, Zimbabwe
263 242 745411|librarian@aju.ac.zw